|
|
|
|
| LEADER |
00000nam a22000007a 4500 |
| 005 |
20160223155535.0 |
| 007 |
cr|||| ||u| |
| 008 |
160223s2015 mx ||||| |||| 00||0 spa d |
| 020 |
|
|
|a 978-607-8384-84-6
|
| 035 |
|
|
|a 13093
|
| 040 |
|
|
|a vLex
|
| 090 |
|
|
|c 5907
|d 5907
|
| 245 |
1 |
0 |
|a Lo que usted debe conocer acerca del dictamen fiscal
|h [Recurso electrn̤ico] /
|c Comisin̤ Representativa del IM ante las Administraciones Generales de Fiscalizacin̤ del SAT
|
| 256 |
|
|
|a Servicio en ln̕ea
|
| 260 |
|
|
|a Mx̌ico
|b Instituto Mexicano de Contadores Pb︢licos
|c 2015
|
| 300 |
|
|
|a 1 recurso electrn̤ico
|
| 500 |
|
|
|a La Comisin̤ Representativa del IMCP ante las Administraciones Generales de Fiscalizacin̤ del SAT realiz ̤esta nueva edicin̤, en la cual se analizan las responsabilidades generadas en la relacin̤ que se establece entre la autoridad, el contribuyente y el Contador Pb︢lico Inscrito (CPI). Esta edicin̤ de Lo que usted debe conocer acerca del Dictamen Fiscal, est ̀especialmente dirigida a quienes an︢ tienen la oportunidad de dictaminarse con fines fiscales; asimismo, est ̀encaminada para servir, de manera sencilla, como consulta para los estudiantes, contribuyentes y Contadores Pb︢licos que quieran ejercer la profesin̤ de manera independiente. Este libro se encuentra escrito en un lenguaje claro, sencillo y directo, que incluye el marco normativo legal que los auditores deben observar en el desarrollo del anl̀isis, de la revisin̤ y emisin̤ de su opinin̤ para informar sobre el cumplimiento en tiempo y forma. En esta obra se incorporan los nuevos anexos del dictamen fiscal, los papeles de trabajo que deber ̀presentar el CPI y algunas grf̀icas sobre el desarrollo profesional, as ̕como los tipos de dictm̀enes presentados, ejemplos de opinin̤ con salvedades, con implicaciones fiscales y algunos puntos importantes que deben mencionarse en el informe fiscal que el auditor debe vigilar en este trabajo.
|
| 506 |
1 |
|
|a Contenido solo disponible en los productos indicados
|d vLex Global
|d vLex Global (Academic Edition, excluding Law Schools)
|d vLex Global (U.S. Academic Edition, Law Schools)
|d vLex Global (U.S. Academic Edition, excluding Law Schools)
|d vLex Global (Academic Edition, Law Schools)
|
| 650 |
0 |
4 |
|a Derecho
|z Mx̌ico
|
| 740 |
0 |
|
|a vLex libros (servicio en ln̕ea)
|
| 856 |
4 |
0 |
|u http://vlex.com/source/lo-que-usted-debe-conocer-acerca-del-dictamen-fiscal-13093
|z Acceso restringido
|
| 942 |
|
|
|c BOOK
|
| 999 |
0 |
|
|a Law
|